000 00819cam a22002531 4500
001 8805
003 BD-RjUL
005 20211208234645.0
008 140119s1963 njua 001 0 eng d
035 _a(BD-RjUL)8850
035 _a(OCoLC)567639
040 _aDLC
_cODaWU
_dMBWI
_dDLC
_dBD-RjUL
_beng
041 _aeng
082 0 0 _223
_a621.3124
_bCHE 1963
100 1 _aChang, Sheldon S. L.
_927372
245 1 0 _aEnergy conversion /
_cSheldon S L Chang
260 _aEnglewood Cliffs, N.J. :
_bPrentice-Hall,
_c1963.
300 _axi, 237 p. ;
_c24 cm.
504 _aIncludes index.
650 0 _aDirect energy conversion.
_927374
830 _aPrentice-Hall international series in electrical engineering
_9199603
942 _2ddc
_cBK
999 _c8805
_d8805